Word Ladder: Cookware Dance Quiz Stats

 Plays Quiz Updated Oct 3, 2017

Score 0/20 Timer 02:00
3 Plays Today
Clue 4-Letter Word % Correct
Yacht or canoeBOAT
97.9%
Broken bone holder•CAST•
96.4%
A layer of paintCOAT
96.3%
Clothes presser•IRON•
95.9%
Purchase amountCOST
94.9%
Helen of ____TROY
93.6%
Formerly PersiaIRAN
93.3%
Santa's checking his twiceLIST
92.6%
Healthy cereal choiceBRAN
91.8%
German sausage, for shortBRAT
91.4%
Clue 4-Letter Word % Correct
'____: Legacy' sci-fi sequelTRON
90.2%
It goes inside a boxing glove•FIST•
88.8%
Walk with an uneven stepLIMP
88.1%
____ My Ride (MTV show)PIMP
86.7%
Airplane seat attachmentTRAY
84.7%
Dustin trait in 'Stranger Things'LISP
81.6%
Chrysler parent companyFIAT
80.9%
'How to Save a Life' bandFRAY
78.4%
Animal House, e.g.FRAT
77.8%
It can get you oil or water•PUMP•
77.7%

Today's Daily Dose

You're not logged in!

Compare scores with friends on all Sporcle quizzes.
OR
Log In

You Might Also Like...

Show Comments

Extras

Top Quizzes Today


Score Distribution

Your Account Isn't Verified!

In order to create a playlist on Sporcle, you need to verify the email address you used during registration. Go to your Sporcle Settings to finish the process.

Report this User

Report this user for behavior that violates our Community Guidelines.

Details: